Представление документа в формате MARC21

Поле Инд. ПП Название Значение
Тип записи a
Библиографический уровень m
001 Контрольный номер RU/IS/BASE/288108278
005 Дата корректировки 20230131163650.7
020 a ISBN 978-5-8459-1375-3
040 b Код языка каталог. rus
041 0_ a Код языка текста rus
080 a Индекс УДК 004.9
084 a Индекс другой классификации/Индекс ББК 32.973.26-018.2
090 a Полочн. индекс 681.3
x Авторский знак Х37
097 b Оператор 02
100 1_ a Автор Хемраджани А.
245 10 a Заглавие Гибкая разработка приложений на Java с помощью Spring, Hibernate и Eclipse
c Ответственность пер. с англ.
260 a Место издания Москва
b Издательство Вильямс
c Дата издания 2008
300 a Объем 352 с.
b Иллюстрации/ тип воспроизводства ил.
510 0_ a Примечание о ссылках Книги и методические пособия
650 04 a Основная рубрика 50.41 Программное обеспечение вычислительных машин, комплексов и сетей
x Основная подрубрика 50.41.25 Прикладное программное обеспечение
653 0_ a Ключевые слова Java; Eclipse; программные приложения; вычислительные сети
901 t Тип документа m